000 01017nam a2200265Ia 4500
003 OSt
005 20220923210943.0
006 a|||||r|||| 00| 0
007 ta
008 220922b |||||||| |||| 00| 0 mar d
020 _a8126002565 (hbk)
024 _a234,607
037 _cTextual
040 _aARTS
_cARTS
_bmar
041 _2mar
_amar
082 _aO155,3N18w,1, 152N7
100 _aऊर्ध्वरेषे, प्रभाकर वामन; ऊर्ध्वरेषे, दि. वा., अनु.
_9156521
245 0 _aखोये हुए दिन
246 _aKhoye hue dina
260 _aनई दिल्ली
_b साहित्य अकादमी
_c1997
300 _a376पृ0
_ccm.
490 _alkfgR; vdkneh +}kjk iqjLd`r ejkBh vkRedFkk
942 _hO155,3N18w,1, 152N7
_cTEXL
_2CC
999 _c293163
_d293163